Boston College Basketball: Leading Scorer Every Year - Statistics

General Stats
  • This quiz has been taken 15 times
    5 since last reset
  • The average score is 37 of 76
Answer Stats
Year Player Average % Correct
2003-2004 Craig Smith 16.9
100%
2004-2005 Craig Smith 18.0
100%
2005-2006 Craig Smith 17.6
100%
2006-2007 Jared Dudley 19.0
100%
2012-2013 Olivier Hanlan 15.5
100%
2013-2014 Olivier Hanlan 18.5
100%
2014-2015 Olivier Hanlan 19.5
100%
2022-2023 Quinten Post 15.1
100%
2023-2024 Quinten Post 17.0
100%
1999-2000 Troy Bell 18.8
100%
2000-2001 Troy Bell 20.4
100%
2001-2002 Troy Bell 21.6
100%
2002-2003 Troy Bell 25.2
100%
1990-1991 Bill Curley 12.6
75%
1991-1992 Bill Curley 17.8
75%
1992-1993 Bill Curley 15.8
75%
1993-1994 Bill Curley 20.0
75%
2016-2017 Jerome Robinson 18.7
75%
2017-2018 Jerome Robinson 20.7
75%
2018-2019 Ky Bowman 19.0
75%
2010-2011 Reggie Jackson 18.2
75%
1986-1987 Dana Barros 18.7
50%
1987-1988 Dana Barros 21.9
50%
1988-1989 Dana Barros 23.9
50%
1994-1995 Danya Abrams 22.1
50%
1995-1996 Danya Abrams 19.6
50%
1996-1997 Danya Abrams 16.4
50%
1962-1963 Gerry Ward 19.5
50%
1979-1980 John Bagley 11.8
50%
1980-1981 John Bagley 20.4
50%
1981-1982 John Bagley 21.1
50%
2021-2022 Makai Ashton-Langford 12.0
50%
1984-1985 Michael Adams 15.3
50%
1967-1968 Terry Driscoll 17.8
50%
1968-1969 Terry Driscoll 23.3
50%
2007-2008 Tyrese Rice 21.0
50%
2008-2009 Tyrese Rice 16.9
50%
1997-1998 Antonio Granger 17.9
25%
1973-1974 Bob Carrington 19.4
25%
1974-1975 Bob Carrington 20.9
25%
1975-1976 Bob Carrington 20.9
25%
1947-1948 Dan Bricker 13.5
25%
1948-1949 Dan Bricker 12.7
25%
1971-1972 Dan Kilcullen / Pete Schmid 14.0
25%
1954-1955 Dick Skeffington 17.8
25%
1989-1990 Doug Able 12.0
25%
2015-2016 Eli Carter 16.0
25%
1976-1977 Ernie Cobb 17.4
25%
1977-1978 Ernie Cobb 22.8
25%
1978-1979 Ernie Cobb 21.3
25%
1956-1957 George Giersch 14.4
25%
1957-1958 George Giersch 14.9
25%
2019-2020 Jay Heath 13.1
25%
1983-1984 Jay Murphy 19.8
25%
1959-1960 Jim Hooley 17.5
25%
1960-1961 Jim Hooley 22.3
25%
1961-1962 Jim Hooley 24.2
25%
1969-1970 Jim O'Brien 16.5
25%
1970-1971 Jim O'Brien 18.9
25%
2009-2010 Joe Trapani 14.1
25%
1963-1964 John Austin 29.2
25%
1964-1965 John Austin 26.9
25%
1965-1966 John Austin 24.9
25%
1982-1983 John Garris 19.7
25%
1951-1952 John Silk 13.4
25%
1998-1999 Kenny Harley 11.2
25%
1958-1959 Kevin Loughery 16.8
25%
1972-1973 Mark Raterink 13.2
25%
2020-2021 May Heath 14.5
25%
1985-1986 Roger McCready 18.1
25%
2011-2012 Ryan Anderson 11.2
25%
1966-1967 Steve Adelman 18.9
25%
1949-1950 Tim O'Connell 12.7
25%
1950-1951 Tom Deegan 12.4
25%
1952-1953 Tony Daukas 19.5
25%
1953-1954 Tony Daukas 18.3
25%
No matching quizzes found
Score Distribution
Percent of People with Each Score
Percentile by Number Answered
Your Score History
You have not taken this quiz since the last reset